[Event "Reunion op 15th"]
[Site "St Denis"]
[Date "2013.10.14"]
[Round "4"]
[White "Romain, Juliane"]
[Black "Mishra, Rayan"]
[Result "1-0"]
[WhiteElo "1371"]
[BlackElo "1199"]
[PlyCount "65"]
[EventDate "2013.10.12"]
[EventType "swiss"]
[EventRounds "9"]
[EventCountry "RUF"]
[SourceTitle "EXT 2014"]
[Source "ChessBase"]
[SourceDate "2013.11.20"]
[SourceVersion "1"]
[SourceVersionDate "2013.11.20"]
[SourceQuality "1"]

1. e4 e5 2. Nf3 Nc6 3. Bc4 Nf6 4. d3 d5 5. exd5 Nxd5 6. Bb5 Bd7 7. 0-0 Bc5 8. Bxc6 Bxc6 9. Nxe5 Bb5 10. c4 Bd6 11. Re1 0-0 12. cxb5 Re8 13. Nc4 Rxe1+ 14. Qxe1 Qh4 15. Nxd6 cxd6 16. Nc3 Nf4 17. Bxf4 Qxf4 18. Qe7 h6 19. Qxb7 Re8 20. Rd1 Qg4 21. h3 Qb4 22. Qxa7 Qxb2 23. Qd4 Qc2 24. Rf1 Rc8 25. Ne4 Qxa2 26. Qxd6 Qa5 27. Qa6 Qd8 28. b6 Qd7 29. b7 Rd8 30. Nc5 Qc7 31. Qa8 Rb8 32. Na6 Qd6 33. Qxb8+ 1-0

[Event "Reunion op 15th"]
[Site "St Denis"]
[Date "2013.10.13"]
[Round "2"]
[White "Mishra, Rayan"]
[Black "Labrande, Emmanuel"]
[Result "1-0"]
[WhiteElo "1199"]
[BlackElo "1499"]
[PlyCount "77"]
[EventDate "2013.10.12"]
[EventType "swiss"]
[EventRounds "9"]
[EventCountry "RUF"]
[SourceTitle "EXT 2014"]
[Source "ChessBase"]
[SourceDate "2013.11.20"]
[SourceVersion "1"]
[SourceVersionDate "2013.11.20"]
[SourceQuality "1"]

1. e4 e5 2. Nf3 Nc6 3. Nc3 Nf6 4. d4 exd4 5. Nxd4 Bb4 6. Nxc6 bxc6 7. Bg5 d6 8. e5 dxe5 9. Qxd8+ Kxd8 10. Rd1+ Bd7 11. Bd3 Ke7 12. 0-0 h6 13. Bxf6+ Kxf6 14. a3 Bd6 15. Rfe1 g6 16. Be2 Bf5 17. Bd3 Rhe8 18. Ne4+ Ke6 19. h3 Bxe4 20. Bxe4 Rad8 21. Bxc6 Rf8 22. Bd5+ Ke7 23. Re4 f5 24. Ra4 Bc5 25. b4 Bb6 26. c4 c6 27. c5 Bxc5 28. bxc5 Rxd5 29. Rxa7+ Ke6 30. Rc1 Rd4 31. Rc7 Rfd8 32. Rxc6+ Kd5 33. Rxg6 Rc8 34. c6 Rc4 35. Rxc4 Kxc4 36. Kf1 Kd5 37. Rxh6 Rxc6 38. Rxc6 Kxc6 39. h4 1-0